Statistics for MLB The Show 20 Finest

Click here to take the quiz!

General Stats

  • This quiz has been taken 114 times
  • The average score is 7 of 50

Answer Stats

TeamCard% Correct
PadresManny Machado
55%
Red SoxXander Bogaerts
36%
YankeesGerrit Cole
34%
BravesRonald Acuna Jr.
33%
White SoxTim Anderson
33%
OriolesAnthony Santander
29%
YankeesDJ. LeMahieu
28%
DodgersMookie Betts
28%
RaysNick Anderson
28%
NationalsJuan Soto
27%
MetsJacob deGrom
26%
CubsYu Darvish
22%
RedsTrevor Bauer
21%
BravesFreddie Freemen
19%
TwinsNelson Cruz
19%
RangersLance Lynn
18%
AngelsDavid Fletcher
17%
BrewersDevin Williams
17%
PadresJake Cronenworth
16%
PadresDinelson Lamet
15%
AstrosKyle Tucker
15%
PadresDrew Pomeranz
13%
PadresKirby Yates
13%
MairinersKyle Lewis
12%
DodgersCody Bellinger
11%
MarlinsMiguel Rojas
10%
RockiesTrevor Story
10%
PhilliesJ.T. Realmuto
9%
A'sLiam Hendricks
9%
RoyalsWhit Merrifield
9%
PiratesJacob Stallings
8%
TigersJeimer Candelario
8%
IndiansShane Beiber
8%
D-BacksZac Gallen
6%
IndiansBrad Hand
4%
MetsDominic Smith
4%
White SoxEloy Jimenez
4%
CardinalsGiovanny Gallegos
4%
BrewersJosh Hader
4%
RedsLuis Castillo
4%
Red SoxAlex Verdugo
3%
GiantsBrandon Belt
3%
GiantsKevin Gausman
3%
DodgersTony Gonsolin
3%
Blue JaysHyun-Jin Ryu
2%
OriolesJose Iglesias
2%
MairinersMarco Gonzales
2%
GiantsMike Yastrzemski
2%
RoyalsSalvodor Perez
2%
Blue JaysLourdes Gurriel Jr.
1%

Score Distribution

Percentile by Number Answered

Percent of People with Each Score

Your Score History

You have not taken this quiz